Top 15 most streamed Scorey songs - Statistics

General Stats
  • This quiz has been taken 30 times
    8 since last reset
  • The average score is 8 of 15
Answer Stats
Rank Streams Songs % Correct
1. 58,286,855 Moods
100%
12. 5,079,646 Catch Me If You Can
75%
2. 52,676,983 Girls Love Rod Wave
75%
7. 7,853,801 Oh Oh
75%
13. 4,959,994 Oh Well
75%
14. 4,739,671 156 Hudson
50%
15. 3,257,435 Alone
50%
4. 31,620,606 Die Young
50%
9. 6,928,595 Get Money
50%
3. 40,289,629 Love Letter
50%
5. 25,929,094 Rock N Roll
50%
10. 6,912,799 Wildlife
50%
6. 20,392,620 Dior You
25%
11. 5,886,769 Guardian Angel
25%
8. 7,552,546 No Names
0%
No matching quizzes found
Score Distribution
Percent of People with Each Score
Percentile by Number Answered
Your Score History
You have not taken this quiz since the last reset